000 005190000a22001930004500
003 LK-CoMWRAF
005 20240503142433.0
008 230817t1999 ||||| |||| 00| 0 eng d
040 _aLK-CoMWRAF
_dLK-CoMWRAF
_eLK-CoMWRAF
041 _aeng
082 _a305.48
_bWOM
242 _a25 FRAGEN ZUR FRAU IM ISLAM
245 _aWomen in Islam:
_b25 frequently asked questions
260 _bManama:
_aDiscover Islam,
_c1999
300 _a12 p.
650 _aMUSLIM WOMEN
700 _aBorek, Abdullah
_etrans.
942 _cBK
999 _c357
_d357